Head and neck imaging

Bibliographic Details
Main Author: Moedder, Ulrich , 1945- (Author)
Format: Book
Language:English
Published: New York : Thieme , c2008
Subjects:

MARC

LEADER 00000cam a2200000 7i4500
001 0000059607
005 20230112093000.0
008 090205s2008 nyu eng
020 |a 9781588905642 
020 |a 9783131440815 
050 0 0 |a RC936   |b .M64 2008 
060 1 0 |a WE 39   |b K83 2008 
090 0 0 |a RC936   |b .M64 2008 
100 1 |a Moedder, Ulrich ,   |d 1945- ,   |e author 
245 1 0 |a Head and neck imaging   |c Ulrich Moedder ... (et al.) 
260 |a New York :   |b Thieme ,   |c c2008 
300 |a viii, 262 p. :   |b ill. ;   |c 19 cm. 
504 |a Includes bibliographical references and index 
505 0 |a 1. Skull base -- 2. Petrous bone -- 3. Orbit -- 4. Paranasal sinuses -- 5. Pharynx -- 6. Larynx -- 7. Oral Cavity -- 8. Salivary glands -- 9. Soft tissues of the neck -- 10. Lymph nodes 
650 0 |a Head   |x Tomography 
650 0 |a Neck   |x Tomography 
650 1 2 |a Head   |x Radiography 
650 2 2 |a Diagnosis, Differential 
650 2 2 |a Neck   |x radiography 
655 2 |a Handbooks 
999 |a 1000122128   |b Book   |c OPEN SHELF (30 DAYS)   |e Gong Badak Campus